000
00267cam a2200109ua 4500
082
_a
821
_b
AUD/OX
100
_a
Auden, W H .
_9
1958
245
_a
Oxford Book of Light Verse /
260
_a
London :
_b
Oxford University Press ,
_c
1962.
300
_a
533 ; .
942
_c
BK
999
_c
5854
_d
5854